Traditional foods in the Near East / (Record no. 13151)

000 -LEADER
fixed length control field 00444cam a2200157 a 4500
020 ## - INTERNATIONAL STANDARD BOOK NUMBER
ISBN 9251029822
040 ## - CATALOGING SOURCE
Transcribing agency DLC
082 00 - DEWEY DECIMAL CLASSIFICATION NUMBER
Classification number 613 FOO 1991 A045 Or.
245 00 - TITLE STATEMENT
Title Traditional foods in the Near East /
260 ## - PUBLICATION, DISTRIBUTION, ETC. (IMPRINT)
Place of publication Rome :
Name of publisher Food and Agriculture Organization of the United Nations,
Year of publication 1991.
300 ## - PHYSICAL DESCRIPTION
Number of Pages xxii, 161 p. ;
Dimensions 22 cm.
500 ## - GENERAL NOTE
General note "M-76/T0359E/1/7.91/1200"--Cover.
650 #0 - SUBJECT ADDED ENTRY--TOPICAL TERM
Topical Term Diet
700 1# - ADDED ENTRY--PERSONAL NAME
Personal name Dagher, Shawky M.
942 ## - ADDED ENTRY ELEMENTS (KOHA)
Koha item type សៀវភៅភាសាអង់គ្លេស
952 ## - LOCATION AND ITEM INFORMATION (KOHA)
Withdrawn status [LOCAL, KOHA] 0
Holdings
Permanent Location Date acquired Koha item type Lost status Shelving location Barcode Current Location Full call number
Library Block A2017-08-20សៀវភៅភាសាអង់គ្លេស A045A15567Library Block A613 FOO 1991 A045 Or.
មជ្ឈមណ្ឌលឯការនៃសាកលវិទ្យាល័យភូមិន្ទកសិកម្មចំការដូង

Powered by Koha